| 000 | 00381nam a22001457a 4500 | ||
|---|---|---|---|
| 003 | MACL | ||
| 005 | 20170328131414.0 | ||
| 008 | 170328b xxu||||| |||| 00| 0 eng d | ||
| 040 | _cMACL | ||
| 100 |
_aMade Easy _966907 |
||
| 245 | _aCivil Engineering Conventional Solved Papers Paper -1 | ||
| 260 |
_aNew Delhi _bMade Easy _c2016 |
||
| 650 |
_aEngineering _966908 |
||
| 942 |
_2ddc _cBK |
||
| 999 |
_c56172 _d56172 |
||